00667nam a2200145Ia 4500020001800000082002000018245002000038260004100058500034200099650001300441650001500454650001400469650002000483700001800503 a9781847879301 aRR 001.433 DAT- 0aData collection aLos AngelesbSage Publicationsc2010 acontents: 4 Vols. Vol.1 (Theoretical and political contexts: which data are worth collecting?) , (lxx, 190p.) - v.2 (Data collection in survey and interview research), (vi, 427p.) - v.3 (Data collection experiments and observational research), (vii, 555p.) - v.4 (Data collection from archives and collecting data ethically), (vi, 380p.) aResearch aStatistics aFieldwork aData processing aVogt, W. Paul